| 000 | 01136cas a22003257a 4500 | ||
|---|---|---|---|
| 999 |
_c127520 _d127520 |
||
| 001 | 11399295 | ||
| 003 | ARRUPE | ||
| 005 | 20180126082914.0 | ||
| 008 | 930130u19uuuuuupo mr p 0 0por | ||
| 010 | _asf 92095430 | ||
| 035 | _a(OCoLC)ocm27350513 | ||
| 040 |
_aDLC _beng _cDLC _dDLC _dOCoLC |
||
| 042 | _amsc | ||
| 050 | 0 | 0 |
_aBX1682 _b.M63 |
| 100 |
_aSeixas Lavado, Maria Ludovina de _938925 |
||
| 245 | 0 | 0 |
_a Franciscanas Missionarias de Maria. _b100 Anos em Mozambique 1897-1997 _cMaria Ludovina De Seixas Lavado |
| 260 |
_amaputo : _bFranciscanas Missionarias de Maria em Mozambique _c1997 |
||
| 300 |
_a374p. ; _c24cm. |
||
| 590 | _aSERBIB/SERLOC merged record | ||
| 650 |
_aFranciscan Missionaries of Mary _xHistory _938926 |
||
| 650 |
_aMozambique _xCatholic Church _xHistory _938927 |
||
| 906 |
_a7 _bcbc _cserials _du _encip _f19 _gn-oclcserc |
||
| 942 |
_2lcc _cMONOGRAPH |
||